[Event "Leverkusen Bayer op 9th"]
[Site "Leverkusen"]
[Date "2011.03.28"]
[Round "6"]
[White "Hack, Thomas1111"]
[Black "Jankowiak, Frank"]
[Result "1/2-1/2"]
[WhiteElo "2047"]
[BlackElo "1778"]
[PlyCount "50"]
[EventDate "2011.01.10"]
[EventType "swiss"]
[EventRounds "7"]
[EventCountry "GER"]
[SourceTitle "EXT 2012"]
[Source "ChessBase"]
[SourceDate "2011.11.24"]
[SourceVersion "1"]
[SourceVersionDate "2011.11.24"]
[SourceQuality "1"]

1. d4 d5 2. Nf3 Nf6 3. Bg5 e6 4. e3 h6 5. Bh4 Be7 6. Nbd2 Nbd7 7. Bd3 b6 8. 0-0 Bb7 9. c3 0-0 10. Qc2 c5 11. Rae1 Rc8 12. h3 Nh5 13. Bxe7 Qxe7 14. Ne5 Nxe5 15. dxe5 g6 16. Qd1 Rfd8 17. Nf3 Ng7 18. Qe2 Nf5 19. Rd1 Nh4 20. Nh2 h5 21. f4 c4 22. Bb1 d4 23. e4 d3 24. Qe3 g5 25. fxg5 Qc5 1/2-1/2

[Event "Leverkusen-ch op"]
[Site "Leverkusen"]
[Date "2007.02.26"]
[Round "5"]
[White "Jankowiak, Frank"]
[Black "Bosbach, Jens"]
[Result "1-0"]
[WhiteElo "1694"]
[BlackElo "1867"]
[PlyCount "55"]
[EventDate "2007.01.08"]
[EventType "swiss"]
[EventRounds "7"]
[EventCountry "GER"]
[SourceTitle "EXT 2008"]
[Source "ChessBase"]
[SourceDate "2007.11.25"]
[SourceVersion "1"]
[SourceVersionDate "2007.11.25"]
[SourceQuality "1"]

1. e4 c6 2. d4 d5 3. Nc3 dxe4 4. Nxe4 Bf5 5. Ng3 Bg6 6. Nf3 Nd7 7. h4 h6 8. h5 Bh7 9. Bd3 Bxd3 10. Qxd3 e6 11. Bf4 Ngf6 12. 0-0-0 Nd5 13. Be5 Qa5 14. Kb1 0-0-0 15. Ne4 Nxe5 16. Nxe5 Qc7 17. c4 Nf6 18. Qf3 Bd6 19. Nxf6 Bxe5 20. dxe5 gxf6 21. Qxf6 c5 22. Rd6 Rxd6 23. exd6 Qd8 24. d7+ Kb8 25. Qxf7 Rf8 26. Qxe6 Rxf2 27. Qd6+ Ka8 28. Qxc5 1-0

[Event "Leverkusen-ch op"]
[Site "Leverkusen"]
[Date "2007.01.08"]
[Round "1"]
[White "Jankowiak, Frank"]
[Black "Markzitser, Dmitry"]
[Result "0-1"]
[WhiteElo "1694"]
[BlackElo "2230"]
[PlyCount "78"]
[EventDate "2007.01.08"]
[EventType "swiss"]
[EventRounds "7"]
[EventCountry "GER"]
[SourceTitle "EXT 2008"]
[Source "ChessBase"]
[SourceDate "2007.11.25"]
[SourceVersion "1"]
[SourceVersionDate "2007.11.25"]
[SourceQuality "1"]

1. e4 c5 2. Nf3 a6 3. d4 cxd4 4. Nxd4 Nf6 5. Nc3 d6 6. Be2 e6 7. Be3 Nc6 8. Qd2 Be7 9. f3 Qc7 10. g4 0-0 11. 0-0-0 b5 12. g5 Nd7 13. h4 b4 14. Na4 Nxd4 15. Qxd4 Qa5 16. Nb6 Nxb6 17. Qxb6 Qxb6 18. Bxb6 Bb7 19. Ba5 d5 20. e5 Bc5 21. Rd3 Bc6 22. Rdd1 Rfc8 23. c3 Bb5 24. Bd3 Rab8 25. Kb1 bxc3 26. Bxc3 d4 27. Be1 Bc6 28. Rf1 Bd5 29. Rc1 Rc6 30. Ba5 Ba3 31. Rf2 Bxf3 32. Rxc6 Bxc6 33. Bxa6 Be4+ 34. Kc1 Bc5 35. Bc7 Ra8 36. Bc4 Rc8 37. Ba5 Bb4 38. b3 Bxa5 39. Kb2 Bc3+ 0-1

[Event "Leverkusen-ch op"]
[Site "Leverkusen"]
[Date "2005.01.10"]
[Round "1"]
[White "Jankowiak, Frank"]
[Black "Negele, Michael"]
[Result "0-1"]
[WhiteElo "1748"]
[BlackElo "2250"]
[PlyCount "110"]
[EventDate "2005.01.10"]
[EventType "swiss"]
[EventRounds "9"]
[EventCountry "GER"]
[SourceTitle "EXT 2006"]
[Source "ChessBase"]
[SourceDate "2005.11.24"]
[SourceVersion "1"]
[SourceVersionDate "2005.11.24"]
[SourceQuality "1"]

1. e4 e6 2. d4 d5 3. Nc3 Bb4 4. e5 c5 5. a3 Bxc3+ 6. bxc3 Ne7 7. f4 Qa5 8. Bd2 Qa4 9. Qb1 a6 10. Nf3 Nbc6 11. Qb3 Qxb3 12. cxb3 cxd4 13. cxd4 Nf5 14. Bc3 Bd7 15. Bd3 Rc8 16. Bb2 Na5 17. Nd2 Bb5 18. Bxf5 exf5 19. Rc1 Rxc1+ 20. Bxc1 Kd7 21. a4 Bd3 22. Ba3 Rc8 23. Kf2 Rc2 24. Ke3 Be4 25. Bb4 Nc6 26. Bc5 Rc3+ 27. Kf2 Rd3 28. Rd1 Nxd4 29. Bxd4 Rxd4 30. g3 Bc2 31. Ke3 Rd3+ 32. Ke2 Rc3 33. Ra1 Bxb3 34. Rb1 Bxa4 35. Rxb7+ Rc7 36. Rb6 Bc6 37. Ke3 a5 38. Nb3 Ra7 39. Nd4 Ba8 40. Rd6+ Ke8 41. Nxf5 g6 42. Nd4 a4 43. Rb6 a3 44. Rb1 Ra4 45. Ra1 a2 46. Ne2 Bb7 47. Kd2 d4 48. Nc1 Bd5 49. Kc2 Kd7 50. Kb2 Rb4+ 51. Kc2 Rb1 52. Rxa2 Rxc1+ 53. Kxc1 Bxa2 54. Kd2 Bc4 55. h4 h5 0-1

[Event "Leverkusen op"]
[Site "Leverkusen"]
[Date "2004.03.01"]
[Round "5"]
[White "Lessing, Sebastian"]
[Black "Jankowiak, Frank"]
[Result "0-1"]
[WhiteElo "990"]
[BlackElo "1769"]
[PlyCount "40"]
[EventDate "2004.01.12"]
[EventType "swiss"]
[EventRounds "9"]
[EventCountry "GER"]
[SourceTitle "EXT 2006"]
[Source "ChessBase"]
[SourceDate "2005.11.24"]
[SourceVersion "1"]
[SourceVersionDate "2005.11.24"]
[SourceQuality "1"]

1. e3 d5 2. d4 c5 3. Nc3 Nf6 4. dxc5 e6 5. Na4 Qa5+ 6. c3 Bd7 7. Bd3 Bxa4 8. Bc2 Bxc2 9. Qxc2 Qxc5 10. Nf3 Nc6 11. Nd4 Bd6 12. Nxc6 Qxc6 13. 0-0 0-0 14. Rd1 Rac8 15. Rd4 e5 16. Rh4 d4 17. exd4 exd4 18. Rxd4 Rfe8 19. Bg5 Ne4 20. Bd2 Bc5 0-1

[Event "Leverkusen op"]
[Site "Leverkusen"]
[Date "2004.02.16"]
[Round "4"]
[White "Jankowiak, Frank"]
[Black "Hoffmann, Daniela"]
[Result "0-1"]
[WhiteElo "1769"]
[BlackElo "1548"]
[PlyCount "72"]
[EventDate "2004.01.12"]
[EventType "swiss"]
[EventRounds "9"]
[EventCountry "GER"]
[SourceTitle "EXT 2006"]
[Source "ChessBase"]
[SourceDate "2005.11.24"]
[SourceVersion "1"]
[SourceVersionDate "2005.11.24"]
[SourceQuality "1"]

1. e4 d5 2. exd5 Qxd5 3. Nc3 Qa5 4. d4 c6 5. Nf3 Nf6 6. h3 h6 7. Bd3 Bf5 8. 0-0 Bxd3 9. Qxd3 e6 10. Bd2 Qc7 11. Ne4 Be7 12. c4 0-0 13. Kh1 Nbd7 14. g4 Nxe4 15. Qxe4 Nf6 16. Qe3 Nh7 17. Ne5 Bf6 18. f4 Rfd8 19. Rad1 Bxe5 20. dxe5 Rd7 21. g5 hxg5 22. fxg5 Nf8 23. Bb4 Rxd1 24. Rxd1 Ng6 25. Bd6 Qa5 26. a3 Nh4 27. Qf2 Nf5 28. h4 Qa4 29. Rc1 Qb3 30. Rc3 Qd1+ 31. Qg1 Qe2 32. b4 Qe4+ 33. Qg2 Qe1+ 34. Kh2 Qxc3 35. h5 Qxc4 36. g6 Qh4+ 0-1

[Event "Leverkusen-ch op 14th"]
[Site "Leverkusen"]
[Date "2002.04.22"]
[Round "8"]
[White "Raabe, Joachim"]
[Black "Jankowiak, Frank"]
[Result "0-1"]
[WhiteElo "1926"]
[BlackElo "1734"]
[PlyCount "96"]
[EventDate "2002.01.14"]
[EventType "swiss"]
[EventRounds "9"]
[EventCountry "GER"]
[SourceTitle "EXT 2004"]
[Source "ChessBase"]
[SourceDate "2003.11.25"]
[SourceVersion "1"]
[SourceVersionDate "2003.11.25"]
[SourceQuality "1"]

1. c4 Nf6 2. Nf3 c5 3. Nc3 Nc6 4. g3 e6 5. Bg2 Be7 6. 0-0 0-0 7. d3 d5 8. b3 d4 9. Ne4 Nxe4 10. dxe4 e5 11. a3 Rb8 12. Bd2 a6 13. b4 f6 14. Rb1 Be6 15. Qc1 Qd6 16. Nh4 g6 17. f4 b5 18. cxb5 axb5 19. f5 Bf7 20. bxc5 Qxc5 21. Qxc5 Bxc5 22. Rbc1 Bc4 23. fxg6 d3+ 24. e3 Bxa3 25. Ra1 Bb4 26. gxh7+ Kxh7 27. Bxb4 Nxb4 28. Ra7+ Kg8 29. Nf5 Ra8 30. Ne7+ Kf7 31. Rxa8 Rxa8 32. Nd5 Nxd5 33. exd5 d2 34. Rd1 Ra2 35. Bf3 Ke7 36. h4 e4 37. Bh5 Bxd5 38. Rb1 Bc4 39. Bd1 f5 40. Kh2 Bd3 41. Rb4 Ra1 42. Bh5 d1Q 43. Bxd1 Rxd1 44. h5 Kf6 45. Rd4 Kg5 46. Rd5 Rd2+ 47. Kg1 Kxh5 48. Rxf5+ Kg4 0-1

[Event "Leverkusen-ch op 14th"]
[Site "Leverkusen"]
[Date "2002.02.09"]
[Round "3"]
[White "Jankowiak, Frank"]
[Black "Negele, Michael"]
[Result "0-1"]
[WhiteElo "1734"]
[BlackElo "2148"]
[PlyCount "74"]
[EventDate "2002.01.14"]
[EventType "swiss"]
[EventRounds "9"]
[EventCountry "GER"]
[SourceTitle "EXT 2004"]
[Source "ChessBase"]
[SourceDate "2003.11.25"]
[SourceVersion "1"]
[SourceVersionDate "2003.11.25"]
[SourceQuality "1"]

1. e4 e6 2. d4 d5 3. Nc3 Bb4 4. e5 c5 5. a3 Bxc3+ 6. bxc3 Ne7 7. f4 Qa5 8. Bd2 Qa4 9. Nf3 b6 10. Qb1 Ba6 11. Qb3 Qxb3 12. cxb3 Bxf1 13. Rxf1 Nbc6 14. dxc5 bxc5 15. Be3 Na5 16. Rb1 Rc8 17. b4 cxb4 18. axb4 Nac6 19. b5 Nd8 20. Bxa7 Rxc3 21. Kd2 Rc4 22. g3 Nb7 23. Rfc1 Kd7 24. Rxc4 dxc4 25. Kc3 Ra8 26. b6 Rc8 27. Nd4 Nd5+ 28. Kc2 Rc5 29. Nb5 Kc6 30. Nd6 f6 31. Ne4 Ra5 32. exf6 gxf6 33. h3 Ra3 34. Nd2 Ra2+ 35. Kc1 c3 36. Nb3 Ne3 37. Na1 Nc5 0-1

[Event "Leverkusen-ch op 14th"]
[Site "Leverkusen"]
[Date "2002.01.28"]
[Round "2"]
[White "Vandebeulque, Jan"]
[Black "Jankowiak, Frank"]
[Result "1-0"]
[WhiteElo "1895"]
[BlackElo "1734"]
[PlyCount "74"]
[EventDate "2002.01.14"]
[EventType "swiss"]
[EventRounds "9"]
[EventCountry "GER"]
[SourceTitle "EXT 2004"]
[Source "ChessBase"]
[SourceDate "2003.11.25"]
[SourceVersion "1"]
[SourceVersionDate "2003.11.25"]
[SourceQuality "1"]

1. Nf3 Nf6 2. g3 d5 3. Bg2 Nc6 4. d4 Bf5 5. a3 e6 6. 0-0 Bd6 7. b3 Qe7 8. Bb2 0-0 9. c4 dxc4 10. bxc4 Rad8 11. Nbd2 Qd7 12. Re1 Be4 13. Nxe4 Nxe4 14. Qc2 f5 15. Rad1 Na5 16. e3 b6 17. d5 exd5 18. cxd5 Qe7 19. Nd4 Bxa3 20. Bxa3 Qxa3 21. Ne6 Qe7 22. Nxf8 Kxf8 23. f3 Nd6 24. e4 fxe4 25. fxe4 Qe5 26. Qxc7 Qe7 27. Qxe7+ Kxe7 28. e5 Ndc4 29. d6+ Ke6 30. Bh3+ Kf7 31. e6+ Ke8 32. d7+ Ke7 33. Rf1 Ne5 34. Rc1 Nac6 35. Bg2 Nd4 36. Rce1 Kxe6 37. Rf4 Ndc6 1-0

[Event "Leverkusen-ch op 14th"]
[Site "Leverkusen"]
[Date "2002.01.14"]
[Round "1"]
[White "Jankowiak, Frank"]
[Black "Wigger, Rolf"]
[Result "1-0"]
[WhiteElo "1734"]
[BlackElo "2089"]
[PlyCount "143"]
[EventDate "2002.01.14"]
[EventType "swiss"]
[EventRounds "9"]
[EventCountry "GER"]
[SourceTitle "EXT 2004"]
[Source "ChessBase"]
[SourceDate "2003.11.25"]
[SourceVersion "1"]
[SourceVersionDate "2003.11.25"]
[SourceQuality "1"]

1. e4 e6 2. d4 d5 3. Nc3 Nf6 4. e5 Nfd7 5. Nce2 c5 6. c3 Qa5 7. Bd2 cxd4 8. cxd4 Bb4 9. a3 Bxd2+ 10. Qxd2 Qxd2+ 11. Kxd2 b6 12. Nc3 Ba6 13. Bxa6 Nxa6 14. Nb5 0-0 15. Ne2 f6 16. f4 g5 17. g3 fxe5 18. fxe5 Rf3 19. Rhf1 Raf8 20. Rxf3 Rxf3 21. Nxa7 Rf2 22. h4 gxh4 23. gxh4 Rh2 24. Rg1+ Kf7 25. Rg4 Nf8 26. Nc8 Ng6 27. h5 Rxh5 28. Nf4 Rh2+ 29. Kc3 Nc7 30. a4 Nh4 31. Nxb6 Nf5 32. b4 Ne3 33. Rg3 Nd1+ 34. Kb3 Na6 35. Rg2 Rh4 36. Ne2 Rh3+ 37. Rg3 Rh2 38. Kc2 Rxe2+ 39. Kxd1 Re4 40. Rf3+ Ke7 41. b5 Rxd4+ 42. Kc2 Nc5 43. a5 Rb4 44. Nc8+ Kd8 45. Nd6 Ra4 46. Rf8+ Kd7 47. Rf7+ Kd8 48. b6 Rxa5 49. b7 Nxb7 50. Nxb7+ Ke8 51. Rxh7 Ra3 52. Nd6+ Kd8 53. Rh8+ Kd7 54. Rh4 Re3 55. Rh5 Rg3 56. Kd2 Ra3 57. Nb5 Rg3 58. Nd4 Rg6 59. Kc3 Kc7 60. Kb4 Kb6 61. Ne2 Rg2 62. Nd4 Rg4 63. Kc3 Rg6 64. Ne2 Kc6 65. Nf4 Rg3+ 66. Kd2 d4 67. Nxe6 Kd5 68. Nf4+ Ke4 69. Ne2 Rg2 70. e6 d3 71. Rh4+ Kf5 72. Kxd3 1-0